[Event "Wch U16 Girls"]
[Site "Oropesa del Mar"]
[Date "1999.10.29"]
[Round "6"]
[White "Groberman, Elina"]
[Black "Chu, Stefanie"]
[Result "1-0"]
[WhiteElo "2062"]
[BlackElo "2020"]

1.e4 c5 2.Nf3 d6 3.d4 cxd4 4.Nxd4 Nf6 5.Nc3 a6 6.g3 e6 7.Bg2 Be7 8.O-O O-O
9.Be3 Qc7 10.g4 Nc6 11.g5 Nd7 12.f4 Re8 13.Rf3 Bf8 14.Rh3 g6 15.f5 Bg7 16.f6 Bh8
17.Rh6 Nce5 18.Kh1 Nc4 19.Bc1 Qc5 20.b3 Ne3 21.Bxe3 Qxc3 22.Qe1 Qb2 23.Rb1 Qxa2
24.Bd2 Nxf6 25.gxf6 Bxf6 26.Ra1 Qb2 27.Bc3 Qxa1 28.Bxa1 Bg5 29.Rh3 e5 30.Nf3 Bxh3
31.Nxg5 Bg4 32.Qh4 h5 33.Qf2 Be6 34.Bh3 Bxh3 35.Qxf7+  1-0

[Event "SLO-chT"]
[Site "Bled"]
[Date "1999.11.09"]
[Round "2"]
[White "Rozman, Edo"]
[Black "Kos, Toni"]
[Result "0-1"]
[WhiteElo "2132"]
[BlackElo "2310"]

1.e4 c5 2.Nf3 d6 3.d4 cxd4 4.Nxd4 Nf6 5.Nc3 a6 6.g3 e5 7.Nde2 Be7 8.Bg2 Be6
9.a4 Nbd7 10.O-O O-O 11.h3 h5 12.Nd5 Bxd5 13.exd5 Qc7 14.a5 Rfc8 15.c3 b5
16.axb6 Qxb6 17.b3 Nc5 18.Ra3 Rab8 19.Be3 Qb5 20.c4 Qb7 21.Bxc5 Rxc5 22.Qa1 Rc7
23.Nc1 Ra8 24.Nd3 Nd7 25.g4 hxg4 26.hxg4 Bf6 27.Be4 g6 28.Rc1 Bg7 29.Qa2 Nc5
30.Nxc5 Rxc5 31.b4 Qxb4 32.Rb3 Qa5 33.Qb1 Qd8 34.Rb7 Qc8 35.f3 Rc7 36.Rxc7 Qxc7
37.c5 Bh6 38.Rc3 Bd2 39.Rb3 Qxc5+ 40.Kg2 Kg7 41.Rb7 Qe3 42.Qb6 Qf4 43.Qxd6 Qf6
44.Qc6 Rd8 45.Qxf6+ Kxf6 46.Rb6+ Kg5 47.Rxa6 f5 48.gxf5 gxf5 49.Bd3 Rxd5
50.Bb1 Be3 51.Ra2 Rd1 52.Re2 Rxb1 53.Rxe3 Rb2+ 54.Kf1 Kf4 55.Ra3 Kg3 56.Re3 Rb5
57.Ke2 f4 58.Ra3 Rb2+ 59.Ke1 Rf2 60.Ra5 Kxf3 61.Rxe5 Ra2 62.Rf5 Ra1+ 63.Kd2 Rf1
64.Rf7 Kg2 65.Rg7+ Kf2 66.Rg8 Rg1 67.Rf8 f3 68.Rh8 Rg2  0-1

[Event "ch-ESP (team) Div 2"]
[Site "Cala Galdana ESP"]
[Date "1999.11.12"]
[Round "5"]
[White "Martinez Penalver,J"]
[Black "Angel Acosta,J"]
[Result "1-0"]
[WhiteElo "2199"]
[BlackElo "2273"]

1.e4 c5 2.Nf3 d6 3.d4 cxd4 4.Nxd4 Nf6 5.Nc3 a6 6.g3 g6 7.Bg2 Bg7 8.O-O O-O
9.h3 Nbd7 10.Be3 Ne5 11.b3 Bd7 12.Nd5 Nc6 13.Rc1 Rc8 14.c4 Nxd5 15.exd5 Nxd4
16.Bxd4 Bxd4 17.Qxd4 b5 18.Rfe1 bxc4 19.bxc4 Re8 20.Red1 Qa5 21.Rd2 Rc7 22.h4 Rec8
23.Bf1 Qc5 24.Qf4 a5 25.h5 Kg7 26.Bd3 f6 27.Kg2 Re8 28.hxg6 e5 29.Qh4 h6
30.Rh1 Rh8 31.Qh5 Bc8 32.Rh4 Re7 33.Qe2 a4 34.Rd1 f5 35.Rdh1 f4 36.Rxf4 Qc7
37.Rfh4 e4 38.Rxe4  1-0

[Event "Eu Team Ch"]
[Site "Batumi GEO"]
[Date "1999.11.30"]
[Round "2"]
[White "Stanojoski,Z"]
[Black "Zulfugarli,M"]
[Result "0-1"]
[WhiteElo "2480"]
[BlackElo "2388"]

1.e4 c5 2.Nf3 d6 3.d4 cxd4 4.Nxd4 Nf6 5.Nc3 a6 6.g3 e5 7.Nde2 Nbd7 8.Bg2 Be7
9.h3 b5 10.g4 Bb7 11.Ng3 b4 12.Nd5 Nxd5 13.exd5 O-O 14.O-O Qa5 15.Nf5 Rfe8
16.a3 Nb6 17.Ne3 Qb5 18.axb4 Qxb4 19.c4 Qc5 20.b3 g6 21.Ba3 Qc8 22.Bb4 Nd7
23.Ba5 Bd8 24.b4 Bxa5 25.Rxa5 Qd8 26.Qa4 Rc8 27.Rc1 e4 28.Qa2 Ne5 29.Bxe4 Qg5
30.Bg2 f5 31.Rc3 fxg4 32.hxg4 Nxg4 33.Rca3 Rc7 34.c5 Rf7 35.Nxg4 Re1+ 36.Kh2 Qxg4
37.cxd6 Qh5+ 38.Rh3 Qe5+ 39.Rg3 Re2 40.f4 Rxf4 41.d7 Rxa2 42.d8=Q+ Rf8 43.Qd7 Rxg2+  0-1

[Event "Young Masters"]
[Site "Groningen NED"]
[Date "1999.12.22"]
[Round "4"]
[White "Burnett,R"]
[Black "Breier,A"]
[Result "1-0"]
[WhiteElo "2423"]
[BlackElo "2227"]

1.e4 c5 2.Nf3 d6 3.d4 cxd4 4.Nxd4 Nf6 5.Nc3 a6 6.g3 e5 7.Nde2 Nbd7 8.a4 b6
9.Bg2 Bb7 10.O-O h6 11.Nd5 Nxd5 12.exd5 Be7 13.c4 O-O 14.a5 bxa5 15.Bd2 Qc8
16.b3 Bd8 17.Bh3 f5 18.Qb1 Nc5 19.Bxa5 Bxa5 20.Rxa5 Ne4 21.Qxe4 Qd8 22.Bxf5 Qxa5
23.Be6+ Kh8 24.f4 Qb6+ 25.Kg2 Rae8 26.f5 Bc8 27.Rf3 Qb7 28.g4 Bd7 29.Ng3 Rb8
30.Qe3 Bxe6 31.dxe6 Qe7 32.Ne4 a5 33.Qd2 Qh4 34.h3 h5 35.Qf2 Qe7 36.g5 g6
37.fxg6 Kg7 38.Rf7+ Rxf7 39.Qxf7+ Qxf7 40.gxf7 Rxb3 41.g6 Rb7 42.Nxd6  1-0

[Event "AUT-chT 9899"]
[Site "AUT"]
[Date "1999.??.??"]
[Round "?"]
[White "Neulinger, Manfred"]
[Black "Schumi, Manfred"]
[Result "1/2-1/2"]
[WhiteElo "2295"]
[BlackElo "2260"]

1.e4 c5 2.Nf3 d6 3.d4 cxd4 4.Nxd4 Nf6 5.Nc3 a6 6.g3 e5 7.Nde2 Be7 8.Bg2 Nbd7
9.O-O O-O 10.h3 b6 11.g4 Bb7 12.Ng3 Nc5 13.Be3 Rc8 14.Rc1 g6 15.Qd2 b5 16.g5 Nfd7
17.Nd5 Bxd5 18.exd5 f5 19.gxf6 Bxf6 20.c4 b4 21.Qxb4 Bg5 22.Qd2 Bxe3 23.fxe3 Qh4
24.Kh2 Nf6 25.Rxf6 Rxf6 26.b4 Nd7 27.Ne4 Rf5 28.c5 Nf6 29.Nxf6+ Rxf6 30.cxd6 Rxc1
31.Qxc1 Rxd6  1/2-1/2

[Event "Regionalliga SO9899"]
[Site "Bayern"]
[Date "1999.??.??"]
[Round "?"]
[White "Prediger, Rupert"]
[Black "Maurer, Jochen"]
[Result "1/2-1/2"]
[WhiteElo "2160"]
[BlackElo "1930"]

1.e4 c5 2.Nf3 d6 3.d4 cxd4 4.Nxd4 Nf6 5.Nc3 a6 6.g3 e5 7.Nde2 b5 8.Bg2 Bb7
9.Bg5 Nbd7 10.O-O Be7 11.Qd2 O-O 12.Rad1 h6 13.Be3 Rc8 14.a4 Nc5 15.axb5 axb5
16.f3 b4 17.Nd5 Nxd5 18.exd5 Qb6 19.Ra1 Rfe8 20.Kh1 Ra8 21.Rfd1 Bf6 22.c3 b3
23.Rxa8 Bxa8 24.Ra1 Bb7 25.Nc1 Ra8 26.Rxa8+ Bxa8  1/2-1/2

[Event "Budapest FS09 Elo"]
[Site "Budapest"]
[Date "1999.??.??"]
[Round "2"]
[White "Szamoskozi, Gabor"]
[Black "Banhazi, Istvan"]
[Result "1/2-1/2"]
[WhiteElo "2090"]
[BlackElo "2105"]

1.e4 c5 2.Nf3 d6 3.d4 cxd4 4.Nxd4 Nf6 5.Nc3 a6 6.g3 e5 7.Nb3 Be7 8.Bg2 O-O
9.h3 Be6 10.O-O Nbd7 11.Be3 Rc8 12.a4 Nb6 13.Nd2 Nc4 14.Nxc4 Rxc4 15.a5 Qd7
16.Kh2 Rfc8 17.Qd2 Qc6 18.Nd5 Bxd5 19.exd5 Qb5 20.Rfc1 Qxb2 21.Rab1 Qa3 22.Rxb7 Bd8
23.Bb6 Rc3 24.Bxd8 Rxd8 25.Rb6 Qxa5 26.Rxa6 Qc7 27.Ra2 h6 28.Rca1 Qc5 29.Ra5 Rxc2
30.Rxc5 Rxd2 31.Rc7 Rxf2 32.Kg1 Rd2 33.Raa7 Rf8 34.Rc6 Ne8 35.Ra8 Nf6 36.Ra7 e4
37.Rxd6 e3 38.Ra1 e2 39.Re1 Re8 40.Kf2 Rb2 41.Bf3 Rd2 42.Ra6 Nd7 43.Rxe2 Rexe2+
44.Bxe2 Rxd5 45.Ra8+ Kh7 46.Rd8 Nf6  1/2-1/2

[Event "Dresden op"]
[Site "Dresden"]
[Date "1999.??.??"]
[Round "?"]
[White "Suetin, Alexey S"]
[Black "Berthold, Andreas"]
[Result "1/2-1/2"]
[WhiteElo "2380"]
[BlackElo "2155"]

1.e4 c5 2.Nf3 d6 3.d4 cxd4 4.Nxd4 Nf6 5.Nc3 a6 6.g3 e6 7.Bg2 Bd7 8.O-O Nc6
9.Re1 Qb6 10.Nb3 Be7 11.a4 Rc8 12.a5 Qc7 13.Be3 Ne5 14.Bb6 Qb8 15.Nd2 Bc6
16.f4 Ned7 17.Bf2 h5 18.h3 h4 19.g4 g5 20.fxg5 Nh7 21.g6 fxg6 22.Nf3 Ng5
23.Nd4 Ne5 24.Be3 Bd7 25.Qc1 Ngf7 26.Rf1 Nc4 27.Kh1 Nxe3 28.Qxe3 Bg5 29.Qe2 O-O
30.Na4 Bd8 31.Qd2 Qa7 32.c3 Bxa5 33.b4 Bd8 34.Nb2 Bg5 35.Qe1 Ne5 36.Rxf8+ Rxf8
37.Rd1 Qb8 38.Nd3 Nxd3 39.Rxd3 Qd8 40.Nf3 Be7 41.c4 Qc7 42.e5 Qxc4 43.Rd4 Qc6
44.exd6 Bf6 45.Rd3 Qc4  1/2-1/2

[Event "DDMM (Women)"]
[Site "Germany"]
[Date "1999.??.??"]
[Round "5.1"]
[White "Skibbe, Diana"]
[Black "Paehtz, Elisabeth"]
[Result "1/2-1/2"]
[WhiteElo "2075"]
[BlackElo "2210"]

1.e4 c5 2.Nf3 d6 3.d4 cxd4 4.Nxd4 Nf6 5.Nc3 a6 6.g3 e5 7.Nb3 Be6 8.Bg2 Nbd7
9.O-O Be7 10.Bg5 b5 11.Nd2 O-O 12.Bxf6 Nxf6 13.Nd5 Nxd5 14.exd5 Bd7 15.f4 exf4
16.Rxf4 Bg5 17.Rf1 Be3+ 18.Kh1 Qb6 19.Nf3 Rae8 20.Qd3 b4 21.c4 bxc3 22.bxc3 Qb5
23.c4 Qc5 24.Nh4 g6 25.Rae1 Bf2 26.Rxe8 Rxe8  1/2-1/2

[Event "Klatovy op-A"]
[Site "Klatovy"]
[Date "1999.??.??"]
[Round "9"]
[White "Novotny, Jiri"]
[Black "Volak, Michal"]
[Result "1/2-1/2"]
[WhiteElo "2280"]
[BlackElo "2180"]

1.e4 c5 2.Nf3 d6 3.d4 cxd4 4.Nxd4 Nf6 5.Nc3 a6 6.g3 e6 7.Bg2 Be7 8.O-O O-O
9.Be3 Nbd7 10.f4 Qc7 11.g4 Nb6 12.g5 Nc4 13.gxf6 Nxe3 14.fxe7 Qxe7 15.Qd3 Nxf1
16.Rxf1 Bd7 17.f5 Bc6 18.Qg3 Kh8 19.Kh1 Rac8 20.Bh3 Bd7 21.Rg1 Rg8 22.Qg5 Qxg5
23.Rxg5 Rge8 24.fxe6 Bxe6 25.Nxe6 fxe6 26.Rg2 Rc5 27.Rd2 b5 28.a3 a5 29.Ne2 Re5
30.Rxd6 Rxe4 31.Rd2 g5 32.Bg2 Rc4 33.Kg1 b4 34.axb4 axb4 35.Ng3 h5 36.Nxh5 Rec8
37.c3 Rf8 38.Ng3 bxc3 39.bxc3 Rxc3 40.Be4 Rc7 41.Kg2 Kg7 42.Bf3  1/2-1/2

[Event "RUS-ch U14"]
[Site "Nizhnij Novgorod"]
[Date "1999.??.??"]
[Round "?"]
[White "Gorkavij, Vadim"]
[Black "Utnasunov, Alexander"]
[Result "1-0"]
[WhiteElo "2265"]
[BlackElo "2140"]

1.e4 c5 2.Nf3 d6 3.d4 cxd4 4.Nxd4 Nf6 5.Nc3 a6 6.g3 Nc6 7.Bg2 Bg4 8.Nde2 Ne5
9.O-O Nf3+ 10.Bxf3 Bxf3 11.Qd3 Bg4 12.f3 Bd7 13.a4 g6 14.Be3 Bg7 15.Rfd1 O-O
16.a5 Bc6 17.Bb6 Qc8 18.Nf4 Kh8 19.Rab1 Qd7 20.Ncd5 Rac8 21.c4 Bxd5 22.Nxd5 Rfe8
23.b4 Qc6 24.Nxf6 Bxf6 25.Rdc1 e6 26.b5 axb5 27.cxb5 Qd7 28.a6 Kg8 29.a7 Qe7
30.Rxc8 Rxc8 31.Qa3 Qf8 32.Rc1 Ra8 33.Qe3 d5 34.exd5 exd5 35.Rc7 Re8 36.Qc5 Qh6
37.Qc1 Qh3 38.Rxb7 Be5 39.Bf2 Rc8 40.Qf1 Qf5 41.b6 Qe6 42.Rc7 Bxc7 43.b7  1-0

[Event "Sportland-NRW-Cup"]
[Site "Senden"]
[Date "1999.??.??"]
[Round "8"]
[White "Dgebuadze, Alexandre"]
[Black "Balcerak, Jakob"]
[Result "1-0"]
[WhiteElo "2510"]
[BlackElo "2330"]

1.e4 c5 2.Nf3 d6 3.d4 cxd4 4.Nxd4 Nf6 5.Nc3 a6 6.g3 e5 7.Nde2 b5 8.Bg2 Bb7
9.O-O Nbd7 10.h3 Nc5 11.Bg5 Be7 12.Bxf6 Bxf6 13.b4 Ne6 14.a4 bxa4 15.Rxa4 O-O
16.Nd5 Bxd5 17.exd5 Nd4 18.Nxd4 exd4 19.Qd3 Qb6 20.Be4 g6 21.Qf3 Kg7 22.Bd3 Ra7
23.h4 a5 24.h5 Be7 25.Rfa1 Rfa8 26.Re1 Bg5 27.Qg4 Re7 28.Rea1 Bd2 29.bxa5 Rxa5
30.Rxa5 Bxa5 31.Qh4 Kf8 32.Qf6  1-0

[Event "SWZ-chT"]
[Site "SWZ"]
[Date "1999.??.??"]
[Round "1"]
[White "Masserey, Yvan"]
[Black "Gallagher, Joseph G"]
[Result "0-1"]
[WhiteElo "2345"]
[BlackElo "2519"]

1.e4 c5 2.Nf3 d6 3.d4 cxd4 4.Nxd4 Nf6 5.Nc3 a6 6.g3 e5 7.Nde2 b5 8.Bg2 Bb7
9.h3 Nbd7 10.g4 Nc5 11.Ng3 g6 12.O-O h5 13.g5 Nfd7 14.Be3 h4 15.Nge2 Be7
16.Nd5 Bxg5 17.Bxg5 Qxg5 18.Nc7+ Ke7 19.f4 exf4 20.Nxa8 f3 21.Rxf3 Ne5 22.Rf1 Nxe4
23.Nf4 Rxa8 24.Qd4 Ng3 25.Rfe1 Bxg2 26.Nxg2 Rc8 27.Rad1 Qf6 28.Qxh4 Qxh4
29.Nxh4 Rxc2 30.Re3 Ne2+ 31.Kf1 Nf4 32.Nf3 Rxb2 33.Nxe5 dxe5 34.Rxe5+ Kf6
35.Re4 Kf5 36.Rdd4 Ne6 37.Rb4 Rxa2 38.Red4 Ke5  0-1

[Event "Texas-J"]
[Site "USA"]
[Date "1999.??.??"]
[Round "4"]
[White "Bloom, Patrick R"]
[Black "Walsh, Jonathan R"]
[Result "1-0"]
[WhiteElo "1755"]
[BlackElo "1810"]

1.e4 c5 2.Nf3 d6 3.d4 cxd4 4.Nxd4 Nf6 5.Nc3 a6 6.g3 b5 7.a3 Bb7 8.Bg2 Nbd7
9.Nb3 Rc8 10.O-O e6 11.Be3 Ne5 12.h3 Be7 13.Kh2 O-O 14.Qe2 Nc4 15.Bc1 Qb6
16.Nd2 Nd7 17.Nxc4 Rxc4 18.Nd1 Nf6 19.Ne3 Rc7 20.f3 d5 21.e5 Nd7 22.f4 Rfc8
23.c3 a5 24.Nc2 b4 25.axb4 Ba6 26.bxa5 Qb7 27.Qf2 Bxf1 28.Bxf1 Nc5 29.Nd4 Ne4
30.Qf3 Bc5 31.a6 Qb8 32.Nb5 Re7 33.Be3 Qb6 34.Bxc5 Qxc5 35.Bd3 Nd2 36.Qg2 Ne4
37.Qe2 Nf2 38.Nd6 Rb8 39.Bb5 Ne4 40.Nxe4 dxe4 41.Rd1 g6 42.Bc4 Rxb2 43.Qxb2 Qxc4
44.Ra1 Ra7 45.Qb8+ Kg7 46.Qxa7 Qe2+ 47.Kg1 e3 48.Rf1 Qd3 49.Qd4  1-0

[Event "JUG-chT"]
[Site "Vrnjacka Banja"]
[Date "1999.??.??"]
[Round "9"]
[White "Matulovic, Milan"]
[Black "Ilincic, Zlatko"]
[Result "1/2-1/2"]
[WhiteElo "2418"]
[BlackElo "2577"]

1.e4 c5 2.Nf3 d6 3.d4 cxd4 4.Nxd4 Nf6 5.Nc3 a6 6.g3 e6 7.Bg2 Qc7 8.O-O Be7
9.Be3 O-O 10.g4 Nc6 11.g5 Nd7 12.f4 Re8 13.Qh5 g6 14.Qh4  1/2-1/2

[Event "VII Anibal Open"]
[Site "Linares ESP"]
[Date "2000.01.11"]
[Round "5"]
[White "Estrada Nieto,J"]
[Black "Hagesaether,H"]
[Result "1-0"]
[WhiteElo "2360"]
[BlackElo "2222"]

1.e4 c5 2.Nf3 d6 3.d4 Nf6 4.Nc3 cxd4 5.Nxd4 a6 6.g3 g6 7.Bg2 Bg7 8.O-O O-O
9.Re1 Bg4 10.Nde2 Nc6 11.h3 Be6 12.a4 Rc8 13.Nf4 Bc4 14.Nfd5 Bxd5 15.Nxd5 Nxd5
16.exd5 Ne5 17.Ra2 Bf6 18.b3 Qc7 19.a5 Nd7 20.h4 Qc3 21.Bd2 Qc5 22.Re4 Rfd8
23.Be3 Qc3 24.Bh3 Rc7 25.Bd2 Qc5 26.Rc4 Qxd5 27.Rxc7 Nc5 28.Bg2 Qd4 29.Qe2  1-0

[Event "V Ubeda Open"]
[Site "Ubeda ESP"]
[Date "2000.01.24"]
[Round "6"]
[White "Bykhovsky,An"]
[Black "Anastasian,A"]
[Result "0-1"]
[WhiteElo "2409"]
[BlackElo "2606"]

1.e4 c5 2.Nf3 d6 3.d4 cxd4 4.Nxd4 Nf6 5.Nc3 a6 6.g3 e5 7.Nb3 Be7 8.Bg2 O-O
9.a4 Bg4 10.Qd3 Nc6 11.Be3 Rc8 12.O-O Be6 13.Rfd1 Ng4 14.Rac1 Nb4 15.Qd2 Nxe3
16.fxe3 Bg5 17.Re1 h5 18.Nb1 Na2 19.Rcd1 Bg4 20.a5 Bxd1 21.Rxd1 b6 22.Na3 bxa5
23.Nxa5 Bxe3+ 24.Qxe3 Qxa5 25.Bf1 Nc3 26.Rxd6 Nb5 27.Rd5 Qa4 28.Nxb5 axb5
29.c3 b4 30.Rxe5 bxc3 31.bxc3 Rfe8 32.Rxh5 Qxe4 33.Qxe4 Rxe4 34.c4 Ra8 35.Rf5 Ra1
36.Kf2 Ra2+ 37.Kg1 Rd4 38.Rf2 Rdd2 39.Rxd2 Rxd2 40.Bg2 Rc2 41.Bd5 Kf8 42.h4 Ke7
43.Kf1 f6 44.Kg1 Kd6 45.Kf1 Ke5 46.Kg1 Kf5 47.Bf3 Rxc4 48.Kf2 Rc3 49.Kg2 Ke5
50.Kf2 f5 51.Kg2 Ra3 52.Bc6 Rc3 53.Be8 f4 54.gxf4+ Kxf4 55.Bd7 Rc7 56.Be6 Rc6
57.Bd7 Rh6  0-1

[Event "Perenyi Mem"]
[Site "Gyula HUN"]
[Date "2000.01.29"]
[Round "6"]
[White "Burnett,R"]
[Black "Ruck,R"]
[Result "1/2-1/2"]
[WhiteElo "2437"]
[BlackElo "2472"]

1.e4 c5 2.Nf3 d6 3.d4 cxd4 4.Nxd4 Nf6 5.Nc3 a6 6.g3 e5 7.Nde2 Nbd7 8.a4 b6
9.Bg2 Bb7 10.h3 Be7 11.g4 Nc5 12.Ng3 g6 13.O-O h5 14.gxh5 Nxh5 15.Nxh5 Rxh5
16.f4 exf4 17.Bxf4 Ne6 18.Bg3 Bf6 19.e5 Bxg2 20.Rxf6 Bc6 21.Qxd6 Qxd6 22.exd6 Rxh3
23.Kf2 Rh5 24.Re1 Rd8 25.Re3 Rf5+ 26.Rxf5 gxf5 27.b3 Kd7 28.Ne2 Be4 29.c4 Rg8
30.Ke1 Rg4 31.Kd2 Bc6 32.Be5 f4 33.Rh3 Ng5 34.Rh5 Ne4+ 35.Kd3 f3 36.Nd4 f2
37.Nxc6 Kxc6 38.Rf5 f6 39.Bxf6 Rg1 40.Kxe4 f1=Q 41.Rxf1 Rxf1 42.Bd4 Rb1 43.d7 Kxd7
44.Bxb6 Rxb3 45.a5  1/2-1/2

[Event "Renome 2000"]
[Site "Bjeljina YUG"]
[Date "2000.01.30"]
[Round "5"]
[White "Danilovic,A"]
[Black "Genov,Peta"]
[Result "1/2-1/2"]
[WhiteElo "2378"]
[BlackElo "2413"]

1.e4 c5 2.Nf3 d6 3.d4 cxd4 4.Nxd4 Nf6 5.Nc3 a6 6.g3 Nc6 7.Bg2 Bd7 8.O-O g6
9.Nxc6 Bxc6 10.Nd5 Bg7 11.Bg5 Bxd5 12.exd5 O-O 13.Qd2 Rc8 14.c3 Re8 15.Rfe1 Nd7
16.Re2 Bf6 17.Bxf6 Nxf6 18.Rae1 b5 19.Qd4 Kf8 20.b3 Qc7 21.Re3 Qc5 22.Qh4 Kg7
23.Rd1 h6 24.Rd2 Rc7 25.Qf4  1/2-1/2

[Event "Petroff Mem Open"]
[Site "St Petersburg RUS"]
[Date "2000.02.07"]
[Round "1"]
[White "Rodin,D"]
[Black "Neverov,V"]
[Result "1-0"]
[WhiteElo "2343"]
[BlackElo "2541"]

1.e4 c5 2.Nf3 d6 3.d4 cxd4 4.Nxd4 Nf6 5.Nc3 a6 6.g3 e5 7.Nb3 Be6 8.Bg2 Nbd7
9.a4 Be7 10.O-O O-O 11.Re1 Rc8 12.Nd2 Qa5 13.Nf1 b5 14.Ne3 b4 15.Ncd5 Bxd5
16.exd5 Rfe8 17.Bd2 Qc5 18.a5 Rb8 19.Ra4 Bd8 20.Qe2 Rb5 21.Qc4 e4 22.Rxb4 Rxa5
23.Qb3 Rb5 24.Rxb5 axb5 25.Bb4 Qb6 26.Qc3 Ne5 27.h3 g6 28.Ra1 Nc4 29.Nxc4 bxc4
30.Qxc4 e3 31.fxe3 Qxe3+ 32.Kh2 Ne4 33.Qd3 Qb6 34.c3 Qf2 35.Ra8 f5 36.Ba5 Bxa5
37.Rxe8+ Kf7 38.Rxe4 fxe4 39.Qxe4 Kg7 40.Qe7+ Kh6 41.Qxd6 Qxb2 42.Qf8+ Kh5
43.h4  1-0

[Event "Petroff Mem Open"]
[Site "St Petersburg RUS"]
[Date "2000.02.08"]
[Round "2"]
[White "Varavin,V"]
[Black "Vaulin,A"]
[Result "1-0"]
[WhiteElo "2410"]
[BlackElo "2540"]

1.e4 c5 2.Nf3 d6 3.d4 cxd4 4.Nxd4 Nf6 5.Nc3 a6 6.g3 e5 7.Nde2 b5 8.Bg2 Bb7
9.O-O Nbd7 10.a4 b4 11.Nd5 Nxd5 12.exd5 a5 13.c3 bxc3 14.Nxc3 Ba6 15.Nb5 Be7
16.Be3 O-O 17.Rc1 Bg5 18.Bxg5 Qxg5 19.Rc6 Qe7 20.Re1 Bxb5 21.axb5 Rfb8 22.Qa4 Nc5
23.Qc4 Qd8 24.Rxe5 dxe5 25.Qxc5 Rb7 26.d6 Rab8 27.Bf1 f6 28.Rc7 Kh8 29.b6 Rxb6
30.d7 R6b7 31.Rc8 Rxd7 32.Rxd8+ Rdxd8 33.Qxa5 Rd4 34.b3 h5 35.Bc4 Kh7 36.Qc7 Rbd8
37.Qf7 Kh6 38.Be2  1-0

[Event "Petroff Mem Open"]
[Site "St Petersburg RUS"]
[Date "2000.02.13"]
[Round "6"]
[White "Takhirov,V"]
[Black "Biriukov,O"]
[Result "1/2-1/2"]
[WhiteElo "2176"]
[BlackElo "2384"]

1.e4 c5 2.Nf3 d6 3.Nc3 Nf6 4.d4 cxd4 5.Nxd4 a6 6.g3 e5 7.Nb3 Nbd7 8.Bg2 Be7
9.O-O b5 10.a4 b4 11.Na2 a5 12.c3 bxc3 13.Nxc3 O-O 14.Re1 Bb7 15.Be3 h6 16.h3 Nb8
17.Qc2 Na6 18.Rad1 Nb4 19.Qb1 Bc6 20.Nd2 Qc7 21.b3 d5 22.exd5 Nfxd5 23.Nxd5 Bxd5
24.Nc4 Bxg2 25.Kxg2 f5 26.Bb6 Qb7+ 27.Kh2 e4 28.Bxa5 Nd3 29.Rxd3 exd3 30.Qxd3 f4
31.g4 Bb4 32.Bxb4 Qxb4 33.Re4 Rab8 34.Nd2 Qc5 35.Qf3 Qd5 36.Nc4 Kh8 37.a5 Rbe8
38.Rxe8 Qxf3 39.Rxf8+ Kh7 40.Kg1 Qd1+ 41.Kg2 Qd5+ 42.f3 Qd3 43.Rxf4 Qe2+  1/2-1/2

[Event "Petroff Mem Open"]
[Site "St Petersburg RUS"]
[Date "2000.02.13"]
[Round "6"]
[White "Takhirov,V"]
[Black "Biriukov,O"]
[Result "1/2-1/2"]
[WhiteElo "2176"]
[BlackElo "2384"]

1.e4 c5 2.Nf3 d6 3.Nc3 Nf6 4.d4 cxd4 5.Nxd4 a6 6.g3 e5 7.Nb3 Nbd7 8.Bg2 Be7
9.O-O b5 10.a4 b4 11.Na2 a5 12.c3 bxc3 13.Nxc3 O-O 14.Re1 Bb7 15.Be3 h6 16.h3 Nb8
17.Qc2 Na6 18.Rad1 Nb4 19.Qb1 Bc6 20.Nd2 Qc7 21.b3 d5 22.exd5 Nfxd5 23.Nxd5 Bxd5
24.Nc4 Bxg2 25.Kxg2 f5 26.Bb6 Qb7+ 27.Kh2 e4 28.Bxa5 Nd3 29.Rxd3 exd3 30.Qxd3 f4
31.g4 Bb4 32.Bxb4 Qxb4 33.Re4 Rab8 34.Nd2 Qc5 35.Qf3 Qd5 36.Nc4 Kh8 37.a5 Rbe8
38.Rxe8 Qxf3 39.Rxf8+ Kh7 40.a6 Qd1 41.Kg2 Qd5+ 42.f3 Qd3 43.Rxf4 Qe2+  1/2-1/2

[Event "Petroff Mem Open"]
[Site "St Petersburg RUS"]
[Date "2000.02.15"]
[Round "8"]
[White "Rodin,D"]
[Black "Veliev,G"]
[Result "1-0"]
[WhiteElo "2343"]
[BlackElo "2318"]

1.e4 c5 2.Nf3 d6 3.d4 cxd4 4.Nxd4 Nf6 5.Nc3 a6 6.g3 Bd7 7.Bg2 Nc6 8.O-O e6
9.Nb3 Be7 10.f4 h5 11.Qe2 Qc7 12.a4 Rc8 13.a5 Nb4 14.Be3 Ng4 15.Bb6 Qc4 16.Qxc4 Rxc4
17.h3 Nh6 18.Rf2 O-O 19.Rd1 g6 20.Bc5 e5 21.Bxd6 Bxd6 22.Rxd6 Be6 23.Rb6 Rb8
24.Bf1 Nc6 25.Bxc4 Bxc4 26.Nc5 exf4 27.gxf4 Nd8 28.f5 Kg7 29.b3 Rc8 30.Nxb7 Nxb7
31.Rxb7 Bf1 32.fxg6 Bxh3 33.gxf7 Rf8 34.Nd5 Nxf7 35.e5 Bg4 36.Rf6 Kg8 37.Ne7+ Kg7
38.Ng6 Bc8 39.Rc7  1-0

[Event "ch-Serbia"]
[Site "Kragujevac YUG"]
[Date "2000.02.20"]
[Round "2"]
[White "Savicevic,V"]
[Black "Jakovljevic,Vlado"]
[Result "1/2-1/2"]
[WhiteElo "2415"]
[BlackElo "2310"]

1.e4 c5 2.Nf3 d6 3.Nc3 Nf6 4.d4 cxd4 5.Nxd4 a6 6.g3 e6 7.Bg2 Qc7 8.O-O Nc6
9.Re1 Rb8 10.Nxc6 bxc6 11.e5 dxe5 12.Rxe5 Qxe5 13.Bf4 Qc5 14.Bxb8 Be7 15.Bc7 O-O
16.Na4 Qb5 17.b3 Nd5 18.a3 Qb7 19.Ba5 e5 20.c4 Nf6 21.b4 Bg4 22.Qd2 Qc8 23.Re1 Qe6  1/2-1/2

[Event "Oz.com qualifier blitz"]
[Site "Internet ICC"]
[Date "2000.03.05"]
[Round "6"]
[White "Krasnov,A"]
[Black "Reimaa,S"]
[Result "1/2-1/2"]
[WhiteElo "2287"]
[BlackElo "2101"]

1.e4 c5 2.Nf3 d6 3.d4 cxd4 4.Nxd4 Nf6 5.Nc3 a6 6.g3 e5 7.Nb3 Be6 8.Bg2 Be7
9.O-O O-O 10.Nd5 Nxd5 11.exd5 Bf5 12.Be3 Nd7 13.c4 Rc8 14.Rc1 Bg6 15.f4 f5
16.fxe5 Nxe5 17.c5 dxc5 18.Nxc5 Ng4 19.Ne6 Nxe3 20.Nxd8 Nxd1 21.Rxc8 Ne3
22.Re1 Rxd8 23.Rxd8+ Bxd8 24.Rxe3 Bb6 25.Kf2 Kf7 26.d6 Bxe3+ 27.Kxe3 b6 28.Bd5+ Kf6
29.Kd4 Be8 30.Bc4 a5 31.Kd5 Bd7 32.b3 a4 33.Ba6 axb3 34.axb3 g5 35.Bb7 f4
36.gxf4 gxf4 37.Bc6 Be6+ 38.Ke4 Bxb3 39.Kxf4 Bc4 40.Ke4 Ke6 41.d7 Ke7 42.Ke5 Bf1
43.Be4 h6 44.Bc6 Bh3 45.d8=Q+ Kxd8 46.Kf6 Bg4 47.Kg6 h5 48.Kg5 Kc7 49.Be8 Kd6
50.h4 Ke5 51.Bxh5 Bxh5 52.Kxh5 Kf5 53.Kh6 b5 54.h5 Kf6 55.Kh7 b4 56.h6 Kf7
57.Kh8 b3 58.h7 Kf8  1/2-1/2

[Event "US Amateur Team East"]
[Site "Parsippany, NJ USA"]
[Date "2000.03.21"]
[Round "6"]
[White "Burnett,R"]
[Black "Kelleher,W"]
[Result "1-0"]
[WhiteElo "2437"]
[BlackElo "2392"]

1.e4 c5 2.Nf3 d6 3.d4 cxd4 4.Nxd4 Nf6 5.Nc3 a6 6.g3 e5 7.Nde2 b5 8.Bg5 Nbd7
9.Nd5 Be7 10.Bxf6 Nxf6 11.Nec3 O-O 12.Nxf6+ Bxf6 13.Nd5 Bb7 14.Bh3 Ra7 15.O-O Bxd5
16.Qxd5 Rc7 17.c3 Rc5 18.Qb7 Qa5 19.Rfd1 Rc7 20.Qd5 Be7 21.a4 Qb6 22.axb5 axb5
23.Bf1 Rc5 24.Qa2 Rb8 25.h4 h6 26.Rdc1 Bf6 27.b4 Rcc8 28.Qe2 Qc7 29.Ra3 Qb6
30.Ra5 Qc7 31.Rxb5 Qd8  1-0

[Event "Open"]
[Site "Bad Wildbad GER"]
[Date "2000.04.02"]
[Round "3"]
[White "Kekelidze,M"]
[Black "Henrichs,T"]
[Result "1-0"]
[WhiteElo "2461"]
[BlackElo "2428"]

1.e4 c5 2.Nf3 d6 3.d4 cxd4 4.Nxd4 Nf6 5.Nc3 a6 6.g3 e6 7.Bg2 Be7 8.O-O Qc7
9.g4 Nc6 10.g5 Nd7 11.Kh1 O-O 12.f4 Re8 13.Be3 Bf8 14.Nxc6 bxc6 15.Na4 Bb7
16.c4 c5 17.Nc3 Rad8 18.Bg1 g6 19.Rf3 f5 20.gxf6 Nxf6 21.Rd3 Nh5 22.Be3 Bg7
23.Bd2 Qf7 24.Qg4 Bd4 25.Rf1 Nf6 26.Qe2 Bc6 27.e5 Bxg2+ 28.Qxg2 Nh5 29.Ne4 Qf5
30.Rh3 dxe5 31.Rxh5  1-0

[Event "XXXI Open"]
[Site "Mar del Plata ARG"]
[Date "2000.04.18"]
[Round "4"]
[White "Rodriguez,And URU"]
[Black "Quiroga,F"]
[Result "0-1"]
[WhiteElo "2492"]
[BlackElo "2363"]

1.e4 c5 2.Nf3 d6 3.d4 cxd4 4.Nxd4 Nf6 5.Nc3 a6 6.g3 e6 7.Bg2 Qc7 8.O-O Bd7
9.a4 Nc6 10.Nb3 Nb4 11.a5 Be7 12.Be3 Rc8 13.g4 d5 14.exd5 Nfxd5 15.Nxd5 Nxd5
16.Bd4 O-O 17.c3 Bc6 18.c4 Nf4 19.Bb6 Qe5 20.Re1 Qg5 21.Bxc6 Rxc6 22.Re3 h5
23.Rg3 h4 24.Rc3 f5 25.Be3 fxg4 26.Nd4 Rd6 27.Qe1 Nh3+ 28.Kg2 Qe5 29.Rd1 Qe4+
30.f3 Rxf3  0-1

[Event "57th ch-POL"]
[Site "Plock POL"]
[Date "2000.05.28"]
[Round "1"]
[White "Hnydiuk,A"]
[Black "Jaracz,P"]
[Result "0-1"]
[WhiteElo "2352"]
[BlackElo "2490"]

1.e4 c5 2.Nf3 d6 3.d4 cxd4 4.Nxd4 Nf6 5.Nc3 a6 6.g3 e5 7.Nde2 Nbd7 8.Bg2 b5
9.a3 Bb7 10.h3 Be7 11.g4 Nc5 12.Ng3 O-O 13.O-O h6 14.Be3 Rc8 15.Qd2 Rc7 16.Rad1 Re8
17.Rfe1 Rd7 18.Kh2 Kh8 19.f4 exf4 20.Bxf4 Ne6 21.Be3 Nf8 22.Nf5 Ng8 23.Nd5 Bg5
24.Qc3 f6 25.Bf2 Bxd5 26.exd5 Bf4+ 27.Bg3 Be5 28.Bxe5 fxe5 29.Ng3 Ng6 30.Be4 Nf4
31.Bf5 Rc7 32.Qf3 Rf8 33.Ne2 Nxe2 34.Qxe2 Qh4 35.Rf1 Rcf7 36.Kg2 h5 37.Be6 Rf4
38.Rxf4 Rxf4 39.Rf1 Nf6 40.Rxf4 exf4 41.Qf3 Qg5 42.Qc3 Kh7 43.Qf3 g6 44.c3 hxg4
45.hxg4 Kg7 46.Qe2 Nxd5 47.Qe4 Nf6 48.Qb7+ Kh6 49.Qc8 Qe5  0-1

[Event "IM"]
[Site "Stockholm SWE"]
[Date "2000.06.11"]
[Round "2"]
[White "Olsson,An"]
[Black "Eriksson,Joh"]
[Result "1-0"]
[WhiteElo "2222"]
[BlackElo "2364"]

1.e4 c5 2.Nf3 d6 3.d4 cxd4 4.Nxd4 Nf6 5.Nc3 a6 6.g3 e5 7.Nde2 Be7 8.Bg2 Nbd7
9.O-O b5 10.h3 b4 11.Nd5 Nxd5 12.exd5 a5 13.a3 Ba6 14.Re1 O-O 15.axb4 axb4
16.Bd2 Qb6 17.Nc1 Bb7 18.Rxa8 Bxa8 19.Nd3 b3 20.c3 Qb5 21.Nb4 Nc5 22.Be3 Re8
23.Bf1 Qd7 24.Kh2 Bb7 25.Bg2 Qb5 26.Nc6 Bf6 27.Bxc5 dxc5 28.f4 Bxc6 29.dxc6 Qb6
30.Qd6 Rd8 31.fxe5 Rxd6 32.exd6 g6 33.c7 Qxd6 34.c8=Q+ Kg7 35.Qe8 h5 36.Qe3 h4
37.Kh1 hxg3 38.Qf3  1-0